Images That Start with 'H' Quiz Stats

 Plays Quiz Updated Nov 8, 2017

Challenge
Share
Tweet
Score 0/20 Timer 04:00
1 Play Today
% Correct
honey
99.2%
helicopter
96.4%
hammock
94.7%
harmonica
93%
hummingbird
92.6%
hyena
90.8%
hedgehog
88%
hourglass
87.7%
hornet
81.5%
holly
81%
% Correct
hawk
80.1%
hatchet
73.7%
hazelnuts
70%
hieroglyphics
69.8%
harpoon
67.8%
heron
67%
hovercraft
66.1%
Hungary
63%
hops
37.4%
hyacinth
32.5%

You're not logged in!

Compare scores with friends on all Sporcle quizzes.
Join for Free
OR
Log In

You Might Also Like...

Show Comments

Extras

Top Quizzes Today


Score Distribution

Your Account Isn't Verified!

In order to create a playlist on Sporcle, you need to verify the email address you used during registration. Go to your Sporcle Settings to finish the process.

Report this User

Report this user for behavior that violates our Community Guidelines.

Details: